[Event "Dortmund SuperGM"]
[Site "Dortmund"]
[Date "2001.07.15"]
[Round "4"]
[White "Leko, Peter"]
[Black "Anand, Viswanathan"]
[Result "1/2-1/2"]
[WhiteElo "2730"]
[BlackElo "2794"]
[Annotator "Lukacs,P"]
[PlyCount "59"]
[EventDate "2001.07.12"]
[EventType "tourn"]
[EventRounds "10"]
[EventCountry "GER"]
[EventCategory "21"]
[SourceTitle "CBM 085"]
[Source "ChessBase"]
[SourceDate "2001.11.13"]
[SourceVersion "1"]
[SourceVersionDate "2001.11.13"]
[SourceQuality "1"]

1. e4 c6 2. d4 d5 3. Nc3 dxe4 4. Nxe4 Bf5 5. Ng3 Bg6 6. N1e2 e6 7. Nf4 {
It takes a couple of tempi to exchange the g6 B. This however opens the h <->,
but the real problem is that White's ^^ has no real targets, and advance in
the [+] may weaken the d4 P.} Bd6 8. Nxg6 hxg6 9. Ne4 Be7 10. g3 (10. c3 Nf6 (
10... Qd5 $6 {is an early Q manoeuvre.} 11. Bd3 Nf6 12. Qe2 Nbd7 13. f4 Nxe4
14. Bxe4 Qa5 15. a4 Qc7 16. g3 a5 17. Bd2 Nf6 18. Bf3 Qb6 19. Be3 Nd5 20. Bf2 {
White has some space advantage and the ^^, but Black's position lacks any
weaknesses and c3-c4 only weakens >< b4.} Qc7 21. O-O $14 {Nijboer-Van der
Werf, Wijk aan Zee 1995}) (10... Nd7 11. g3 Ngf6 12. Ng5 Nh7 13. Nf3 Ng5 $5 {
finally exchanging the escaping N.} (13... Nhf6 14. Bg2 O-O 15. O-O a5 16. Re1)
14. h4 Nxf3+ 15. Qxf3 Nf6 (15... a5 $6 {- Godena-Guliev, EU-ch 2nd Ohrid 2001
CBM 84}) 16. Bg2 Qd5 $11 {The _|_ is playable for Black.}) 11. Nxf6+ (11. Bd3
Nxe4 12. Bxe4 Nd7 13. g3 {- 10.g3}) 11... Bxf6 12. Bf4 Nd7 13. Qb3 Nb6 14. Be2
Be7 15. Be5 Bd6 16. Bxd6 {Exchanging the ^^ helps only for Black.} Qxd6 17. h3
O-O-O 18. Bf3 Qf4 19. O-O g5 $132 {Saric-Fontaine, Wch20 Yerevan 2000}) (10. h3
{is too caotious.} Nf6 11. Nxf6+ Bxf6 12. c3 Qc7 13. Be3 Nd7 14. Be2 Nb6 15.
Qc2 Nd5 $11 {Prandstetter-Guliev, Ceske Budejovice 1993}) 10... Nf6 (10... Nd7)
11. Bg2 Nxe4 12. Bxe4 Nd7 (12... Bg5 13. f4 {is similar to the game
continuation.} (13. Bxg5 Qxg5 {is not enough for any real edge.} 14. Qd2 Qb5
15. O-O-O Nd7 16. h4 Nf6 17. Bf3 O-O-O 18. Qc3 Qa4 19. a3 Nd5 20. Qe1 Rd7 $11 {
Candela Perez-Svetushkin, Ciudad de Ubeda op 5th 2000})) 13. c3 Bg5 $5 {
Black wants to provoke the weakening move 14.f4.} (13... Nf6 14. Bg2 (14. Bf3
Qd7 15. Bd2 Rd8 16. h4 Nd5 17. Qe2 c5 {If Black opens up the position, then
White's ^^ gets more space.} 18. dxc5 Bxc5 19. O-O-O Qc7 20. Bg5 Nf6 21. Rxd8+
Kxd8 22. Rd1+ Ke7 23. Bf4 {Now White's ^^ attacks the <<.} Qc8 24. Qb5 $14 {
V.L.Ivanov-Gershov, Moscow Alekhine op RUS 1996}) 14... Qc7 15. Qe2 a5 16. a4 {
In this P structure playing for c3-c4 is not easy.} O-O 17. O-O Rfe8 18. Re1
Nd5 {The N keeps his stronghold in the [+].} 19. Qc2 Rad8 20. Qb3 Bf8 21. Bg5
Be7 22. Bd2 Rd7 $11 {Godena-Borgo, ITA-ch saint Vincent 1998}) (13... Qc7 14.
O-O O-O-O 15. Bg2 Rh5 16. Bf4 Bd6 17. Bxd6 Qxd6 18. Qf3 Nf6 19. b4 e5 20. dxe5
$11 {Franzoni-Campora, Bern 1992}) 14. f4 (14. Bxg5 {gives up the ^^ without a
fight.} Qxg5 15. Bg2 O-O-O $13) 14... Be7 15. Qe2 (15. Qb3 Qb6 $11) 15... Nf6 (
15... Qa5 16. Bg2 O-O-O $13) 16. Bf3 a5 17. Be3 (17. a4 {is again met by} Nd5
$11) 17... a4 {Now Black has gained some space on the << anyway, but White
hasn't weakened his P chain.} 18. c4 (18. O-O-O Nd5 19. Bd2 a3 20. b3 Qa5 $13)
18... Qc7 {Black has also two options for castles.} (18... a3 $6 19. b3 Bb4+
20. Kf1 Qd7 21. Kg2 $14) 19. Kf2 {If White goes to the >>, the black K will
follow him.} O-O 20. Kg2 Rfd8 {Black has to insert pressure on >< d4 not
allowing the breakthrough in the [+] by d4-d5.} 21. Rhd1 Rd7 22. Rd3 Rad8 23.
Qc2 Qa5 24. Rad1 Qa6 25. Bf2 Bf8 {Black simply wants to hold the position, not
making any weaknesses.} 26. Rb1 Bc5 27. Rbd1 Bf8 28. Rb1 Bc5 29. Qc3 Bf8 30.
Qc2 {It is also very difficult for White to go ahead in this type of position.}
1/2-1/2

[Event "Villarrobledo op 19th"]
[Site "Villarrobledo"]
[Date "2001.08.18"]
[Round "2"]
[White "Barria Zuniga, Daniel"]
[Black "Anand, Viswanathan"]
[Result "0-1"]
[WhiteElo "2352"]
[BlackElo "2794"]
[PlyCount "49"]
[EventDate "2001.08.18"]
[EventType "swiss (rapid)"]
[EventRounds "9"]
[EventCountry "ESP"]
[SourceTitle "EXT 2002"]
[Source "ChessBase"]
[SourceDate "2001.11.25"]
[SourceVersion "1"]
[SourceVersionDate "2001.11.25"]
[SourceQuality "1"]

1. e4 c5 2. Nf3 d6 3. d4 cxd4 4. Nxd4 Nf6 5. Nc3 a6 6. Be3 e6 7. g4 h6 8. f4
Nc6 9. Rg1 e5 10. Nf5 g6 11. g5 hxg5 12. fxg5 gxf5 13. exf5 d5 14. gxf6 d4 15.
Bc4 dxe3 16. Qxd8+ Kxd8 17. O-O-O+ Nd4 18. Ne4 Bxf5 19. Ng5 Rxh2 20. Nxf7+ Kc7
21. Nxe5 Rxc2+ 22. Kb1 Rxc4+ 23. Ka1 Nc2+ 24. Kb1 Rc5 25. f7 0-1

[Event "Villarrobledo op 19th"]
[Site "Villarrobledo"]
[Date "2001.08.18"]
[Round "3"]
[White "Anand, Viswanathan"]
[Black "De la Riva Aguado, Oscar"]
[Result "1-0"]
[WhiteElo "2794"]
[BlackElo "2508"]
[PlyCount "87"]
[EventDate "2001.08.18"]
[EventType "swiss (rapid)"]
[EventRounds "9"]
[EventCountry "ESP"]
[SourceTitle "EXT 2002"]
[Source "ChessBase"]
[SourceDate "2001.11.25"]
[SourceVersion "1"]
[SourceVersionDate "2001.11.25"]
[SourceQuality "1"]

1. d4 f5 2. g3 Nf6 3. Bg2 g6 4. Nf3 Bg7 5. O-O O-O 6. b4 d6 7. Bb2 c6 8. c4 Kh8
9. Nbd2 Be6 10. Qc2 Nbd7 11. a4 Bg8 12. a5 a6 13. Rfe1 Rc8 14. e3 Qe8 15. Rac1
e5 16. dxe5 dxe5 17. e4 f4 18. c5 fxg3 19. hxg3 Ng4 20. Nc4 Bxc4 21. Qxc4 g5
22. Rc2 Qh5 23. Rd2 Ndf6 24. Qe2 Rce8 25. Red1 Nxf2 26. Qxf2 Nxe4 27. Qe3 Nxd2
28. Rxd2 g4 29. Ng5 Rf5 30. Ne4 Bh6 31. Qe2 Bxd2 32. Qxd2 Ref8 33. Nd6 R5f6 34.
Qe2 Re6 35. Nxb7 Kg8 36. Nd6 Rh6 37. Bxc6 Rf3 38. Bxf3 gxf3 39. Qc4+ Kf8 40.
Qh4 Qxh4 41. gxh4 Rg6+ 42. Kf1 Rg2 43. Bxe5 Ke7 44. c6 1-0

[Event "Villarrobledo op 19th"]
[Site "Villarrobledo"]
[Date "2001.08.18"]
[Round "4"]
[White "Agrest, Evgenij"]
[Black "Anand, Viswanathan"]
[Result "0-1"]
[WhiteElo "2529"]
[BlackElo "2794"]
[PlyCount "62"]
[EventDate "2001.08.18"]
[EventType "swiss (rapid)"]
[EventRounds "9"]
[EventCountry "ESP"]
[SourceTitle "EXT 2002"]
[Source "ChessBase"]
[SourceDate "2001.11.25"]
[SourceVersion "1"]
[SourceVersionDate "2001.11.25"]
[SourceQuality "1"]

1. c4 e5 2. Nc3 Nf6 3. Nf3 Nc6 4. e3 Be7 5. a3 O-O 6. b4 d5 7. cxd5 Nxd5 8. Bb2
Nxc3 9. dxc3 e4 10. Qxd8 Rxd8 11. Nd2 Ne5 12. Nxe4 Bf5 13. Ng3 Be6 14. f4 Ng4
15. f5 Bb3 16. e4 Ne3 17. Kf2 Nd1+ 18. Rxd1 Rxd1 19. Be2 Rxh1 20. Nxh1 Rd8 21.
Bc1 Bf6 22. c4 Bd1 23. Bf1 Bc2 24. Ng3 Be5 25. Be3 Bxg3+ 26. hxg3 Bxe4 27. f6
Bd3 28. Bxa7 Bxf1 29. Kxf1 Ra8 30. Bd4 Rxa3 31. fxg7 Rxg3 0-1

[Event "Villarrobledo op 19th"]
[Site "Villarrobledo"]
[Date "2001.08.18"]
[Round "5"]
[White "Anand, Viswanathan"]
[Black "Ubilava, Elizbar"]
[Result "1-0"]
[WhiteElo "2794"]
[BlackElo "2524"]
[PlyCount "71"]
[EventDate "2001.08.18"]
[EventType "swiss (rapid)"]
[EventRounds "9"]
[EventCountry "ESP"]
[SourceTitle "EXT 2002"]
[Source "ChessBase"]
[SourceDate "2001.11.25"]
[SourceVersion "1"]
[SourceVersionDate "2001.11.25"]
[SourceQuality "1"]

1. e4 Nf6 2. e5 Nd5 3. d4 d6 4. Nf3 Bg4 5. Be2 e6 6. O-O Be7 7. c4 Nb6 8. Nc3
O-O 9. Be3 dxe5 10. Nxe5 Bxe2 11. Qxe2 N8d7 12. Rad1 c6 13. Bf4 Nf6 14. Rd3
Nbd7 15. Rfd1 Re8 16. h4 Qb6 17. h5 Rad8 18. Rg3 Bf8 19. Rdd3 c5 20. Bh6 g6 21.
Bxf8 Rxf8 22. hxg6 hxg6 23. Nxd7 Nxd7 24. d5 Rde8 25. d6 Kg7 26. Ne4 Rh8 27.
Ng5 Rh4 28. Rgf3 Rf8 29. Nxf7 Rxf7 30. Qxe6 Nf6 31. Rxf6 Rxf6 32. Qe7+ Rf7 33.
Qxh4 Qxb2 34. d7 Qa1+ 35. Kh2 Qe5+ 36. Qg3 1-0

[Event "Villarrobledo op 19th"]
[Site "Villarrobledo"]
[Date "2001.08.19"]
[Round "6"]
[White "Ljubojevic, Ljubomir"]
[Black "Anand, Viswanathan"]
[Result "1/2-1/2"]
[WhiteElo "2548"]
[BlackElo "2794"]
[PlyCount "39"]
[EventDate "2001.08.18"]
[EventType "swiss (rapid)"]
[EventRounds "9"]
[EventCountry "ESP"]
[SourceTitle "EXT 2002"]
[Source "ChessBase"]
[SourceDate "2001.11.25"]
[SourceVersion "1"]
[SourceVersionDate "2001.11.25"]
[SourceQuality "1"]

1. d4 Nf6 2. c4 g6 3. Nf3 Bg7 4. g3 O-O 5. Bg2 d5 6. cxd5 Nxd5 7. O-O Nb6 8.
Nc3 Nc6 9. d5 Na5 10. Bf4 c6 11. dxc6 Nxc6 12. Qc1 e5 13. Rd1 Qe7 14. Bg5 f6
15. Be3 Be6 16. Ne4 Rfd8 17. Bc5 Qf7 18. b3 Rxd1+ 19. Qxd1 Rd8 20. Qe1 1/2-1/2

[Event "Villarrobledo op 19th"]
[Site "Villarrobledo"]
[Date "2001.08.19"]
[Round "7"]
[White "Anand, Viswanathan"]
[Black "Shirov, Alexei"]
[Result "1/2-1/2"]
[WhiteElo "2794"]
[BlackElo "2706"]
[PlyCount "55"]
[EventDate "2001.08.18"]
[EventType "swiss (rapid)"]
[EventRounds "9"]
[EventCountry "ESP"]
[SourceTitle "EXT 2002"]
[Source "ChessBase"]
[SourceDate "2001.11.25"]
[SourceVersion "1"]
[SourceVersionDate "2001.11.25"]
[SourceQuality "1"]

1. e4 c5 2. Nf3 d6 3. d4 cxd4 4. Nxd4 Nf6 5. Nc3 a6 6. Be3 Ng4 7. Bg5 h6 8. Bh4
g5 9. Bg3 Bg7 10. h3 Nf6 11. Qf3 Qb6 12. O-O-O Nc6 13. Nxc6 Qxc6 14. Be2 Nd7
15. Nd5 Ne5 16. Qa3 Rb8 17. h4 Be6 18. hxg5 Rc8 19. Rd2 hxg5 20. Rxh8+ Bxh8 21.
Qe3 Qa4 22. a3 Bxd5 23. exd5 Bf6 24. Bxe5 Bxe5 25. g3 Bf6 26. Kb1 Qa5 27. c3
Qc5 28. Qxc5 1/2-1/2

[Event "Villarrobledo op 19th"]
[Site "Villarrobledo"]
[Date "2001.08.19"]
[Round "8"]
[White "Kolev, Atanas"]
[Black "Anand, Viswanathan"]
[Result "1/2-1/2"]
[WhiteElo "2571"]
[BlackElo "2794"]
[PlyCount "92"]
[EventDate "2001.08.18"]
[EventType "swiss (rapid)"]
[EventRounds "9"]
[EventCountry "ESP"]
[SourceTitle "EXT 2002"]
[Source "ChessBase"]
[SourceDate "2001.11.25"]
[SourceVersion "1"]
[SourceVersionDate "2001.11.25"]
[SourceQuality "1"]

1. e4 c5 2. Nf3 d6 3. d4 cxd4 4. Nxd4 Nf6 5. Nc3 a6 6. Be2 e5 7. Nb3 Be7 8. O-O
Be6 9. a4 Nbd7 10. f4 Qc7 11. Kh1 h6 12. a5 O-O 13. f5 Bc4 14. Be3 Rfc8 15.
Bxc4 Qxc4 16. Qf3 Qc7 17. Nd2 Qd8 18. Rfc1 Rc7 19. Nd5 Nxd5 20. exd5 Rac8 21.
c4 Bg5 22. b3 Bxe3 23. Qxe3 Nf6 24. Ne4 Nxe4 25. Qxe4 Qg5 26. Rc2 h5 27. g3 Qg4
28. Qxg4 hxg4 29. Re1 b5 30. axb6 Rb7 31. Ra2 Rxb6 32. Ra3 Rcb8 33. Re3 Kf8 34.
h3 gxh3 35. Kh2 Ke7 36. Kxh3 Kf6 37. Kg4 Rh8 38. Re2 Rh1 39. Rea2 Rb1 40. Rxa6
R1xb3 41. Rxb6 Rxb6 42. Ra8 Rb4 43. Rc8 Rb7 44. Rc6 Ke7 45. Rc8 Kf6 46. Rc6 Ke7
1/2-1/2

[Event "Villarrobledo op 19th"]
[Site "Villarrobledo"]
[Date "2001.08.19"]
[Round "9"]
[White "Anand, Viswanathan"]
[Black "Gofshtein, Leonid D"]
[Result "1-0"]
[WhiteElo "2794"]
[BlackElo "2518"]
[PlyCount "92"]
[EventDate "2001.08.18"]
[EventType "swiss (rapid)"]
[EventRounds "9"]
[EventCountry "ESP"]
[SourceTitle "EXT 2002"]
[Source "ChessBase"]
[SourceDate "2001.11.25"]
[SourceVersion "1"]
[SourceVersionDate "2001.11.25"]
[SourceQuality "1"]

1. e4 c5 2. Nf3 e6 3. d4 cxd4 4. Nxd4 a6 5. Bd3 Qb6 6. c3 Nc6 7. O-O d6 8. Be3
Qc7 9. c4 Ne5 10. Be2 Bd7 11. Nc3 Nf6 12. Rc1 Be7 13. f4 Ng6 14. Qe1 h5 15. h3
Rc8 16. Kh1 h4 17. b3 Qa5 18. f5 Ne5 19. Bg5 Qc5 20. Be3 Qa5 21. Nf3 exf5 22.
exf5 Bxf5 23. Nxh4 Be6 24. Nf5 Bxf5 25. Rxf5 Qd8 26. Rd1 Ng6 27. Bf3 Qd7 28.
Rg5 O-O 29. Qg3 Nh7 30. Bg4 Qd8 31. Bxc8 Bxg5 32. Bxb7 Bxe3 33. Qxe3 Re8 34.
Qd4 Qg5 35. Ne4 Qf4 36. Bd5 Ng5 37. Nxg5 Qxg5 38. Rf1 Re7 39. b4 Ne5 40. a4 Nd7
41. a5 Nf6 42. Bc6 Qg3 43. b5 axb5 44. cxb5 d5 45. a6 Qa3 46. Ra1 Ne8 1-0

[Event "Linares 19th"]
[Site "Linares"]
[Date "2002.02.24"]
[Round "2"]
[White "Anand, Viswanathan"]
[Black "Vallejo Pons, Francisco"]
[Result "1/2-1/2"]
[WhiteElo "2757"]
[BlackElo "2629"]
[Annotator "Wedberg,T"]
[PlyCount "58"]
[EventDate "2002.02.22"]
[EventType "tourn"]
[EventRounds "14"]
[EventCountry "ESP"]
[EventCategory "20"]
[SourceTitle "CBM 088"]
[Source "ChessBase"]
[SourceDate "2002.03.21"]
[SourceVersion "1"]
[SourceVersionDate "2002.03.21"]
[SourceQuality "1"]

1. e4 e5 2. Nf3 Nc6 3. Bb5 Nf6 4. O-O Nxe4 5. d4 Nd6 6. Bxc6 dxc6 7. dxe5 Nf5
8. Qxd8+ Kxd8 9. Nc3 Ne7 10. Re1 ({For} 10. b3 {see Adams - Vallejo Pons from
the same event.}) ({and for} 10. h3 {check Shirov - Vallejo Pons, also from
Linares 2002.}) 10... h6 11. h3 (11. Ne4 Ng6 12. h3 b6 13. Bd2 c5 14. Rad1 Ke8
15. a3 a5 16. Kh2 Be6 17. g4 Rd8 {1/2-1/2 Blehm,P-Markowski,T/Ohrid 2001/CBM
84 (17)}) 11... Ng6 12. Bd2 (12. b3 Bb4 13. Bb2 Ke8 14. a3 Bxc3 15. Bxc3 c5 (
15... Be6) 16. b4 cxb4 17. axb4 Nf4 18. e6 fxe6 19. Be5 Rf8 20. Nd4 c6 21. b5
Bd7 {1/2-1/2 Smetankin,S-Markowski,T/Leon 2001/CBM 86 (21)}) 12... Bd7 13. Ne4
Kc8 14. Ng3 c5 15. Nh5 b5 $1 {Black gains space and shows his opponent that he
wants more than just development with say 15. - b6.} 16. Nh2 Kb7 17. f4 Nh4 18.
Re2 (18. g3 Nf5 19. g4 Nd4 20. Rac1 Rd8 $13) 18... Bc6 19. c3 g6 20. Nf6 Be7
21. Be1 Nf5 22. Ne4 Ng7 23. Ng4 Rad8 24. Ngf2 h5 25. Bd2 h4 26. Be3 Ne6 {
[%mdl 32] Vallejo has sung his part of this duet with great musicality. He has
made the right active moves on both flanks. Anand on the other hand has missed
a few notes. The situation is still under control, but it's White who must be
careful.} 27. Nf6 a5 28. N2e4 b4 29. Ng5 Rd3 $6 (29... Nxg5 30. fxg5 Rd3 $36) (
29... Rd3 $6 30. Nxf7 $1 Rf8 31. Ng5 Nxg5 32. fxg5 bxc3 (32... Bb5 33. cxb4
axb4 34. Rc1 c4 35. Bf2) 33. Rc1 $1 $14) 1/2-1/2

[Event "Linares 19th"]
[Site "Linares"]
[Date "2002.02.25"]
[Round "3"]
[White "Kasparov, Garry"]
[Black "Anand, Viswanathan"]
[Result "1/2-1/2"]
[WhiteElo "2838"]
[BlackElo "2757"]
[Annotator "Ribli,Z"]
[PlyCount "83"]
[EventDate "2002.02.22"]
[EventType "tourn"]
[EventRounds "14"]
[EventCountry "ESP"]
[EventCategory "20"]
[SourceTitle "CBM 088"]
[Source "ChessBase"]
[SourceDate "2002.03.21"]
[SourceVersion "1"]
[SourceVersionDate "2002.03.21"]
[SourceQuality "1"]

1. e4 c5 2. Nf3 e6 3. d4 cxd4 4. Nxd4 Nc6 5. Nc3 Qc7 6. Be2 {Kasparov spielt
gerne die sogenannte Klassische Variante, aber auch die andere Hauptvariante
mit 6.Be3 und 7.Bd3.} a6 7. O-O Nf6 8. Be3 Bb4 {Dieser Zug ist heutzutage sehr
populär. Anstelle des Textzuges kann Schwarz mit 8...d6 oder 8...Be7 9.f4 d6
die Scheweninger Variante wählen.} 9. Na4 Be7 {Das ist die beste Fortsetzung -
der Läufer muss früher oder später das Feld b4 verlassen. Die Alternative wäre
hier 9...0-0.} 10. Nxc6 bxc6 11. Nb6 Rb8 12. Nxc8 Qxc8 13. Bd4 {Das ist der
Schlüsselzug für Weiß, heutzutage wird dieser Zug oft gespielt - die
Alternative ist 13.e5.} O-O {Dieser Zug ist eine Seltenheit - gewöhnlich
spielt Schwarz 13...c5.} (13... c5 14. Be5 Rb6 15. Qd3 d6 16. Bc3 O-O 17. b3 d5
18. e5 (18. exd5 Nxd5 19. Bd2 Nb4 20. Qc4 Rd6 21. Bxb4 cxb4 22. Qxb4 Qxc2 23.
Bxa6 Rxa6 24. Qxe7 Rxa2 $11 {So verlief die Partie Kasparov-Anand, Frankfurt 
(rapid) 2000.}) 18... Nd7 19. f4 f5 20. exf6 Bxf6 21. Bxf6 Nxf6 22. Bf3 {
1-0 Kasparov,G-Lautier,J/Cannes 2001/CBM 82/[Ribli] (37)}) (13... Qc7 14. e5
Nd5 15. b3 c5 16. Bb2 Rb6 17. Bc4 Nb4 18. Qe2 a5 19. Rad1 O-O 20. Rd2 Nc6 21.
Rfd1 Rd8 22. Bc3 g6 23. Bb5 Nd4 24. Bxd4 cxd4 25. Rxd4 d6 {1/2-1/2 Onischuk,
A-Epishin,V/Germany 1999/GER-chT (48)}) 14. e5 {Die Partiefortsetzung ist sehr
logisch. In der ersten Runde dieses Turniers spielte Weiß stattdessen 14.Qd3 
(Shirov - Anand).} (14. Qd3 Qc7 15. b3 a5 16. Rad1 d5 17. exd5 Nxd5 (17... cxd5
$5) 18. Bf3 Rfd8 19. c4 Nf6 20. Qc3 Bd6 21. g3 c5 $5 (21... e5 22. Be3 $14) 22.
Bxf6 gxf6 23. Qxf6 Be7 24. Qh6 {1/2-1/2 Shirov,A-Anand,V/Linares 2002/CBM 88
(52)}) 14... Nd5 15. c4 (15. b3 Nf4 16. Bc4 c5 17. Be3 Ng6 18. f4 Rb6 $5 19.
Qe2 d5 20. exd6 Rxd6 21. Qf2 $14 {1-0 Ivanchuk,V-Lautier,J/Monte Carlo 2000/
CBM 76/[Ribli] (41)}) 15... Nf4 (15... c5 16. cxd5 cxd4 17. d6 (17. Qxd4 $5)
17... Bg5 18. f4 Bd8 19. Rc1 Qb7 20. b3 f6 {1/2-1/2 Polzin,R-Heissler,J/
Germany 1999/GER-chT (45)}) 16. Bf3 $14 {Weiß hat Raumvorteil und das
Läuferpaar. Andererseits hat die Stellung einen eher geschlossenen Charakter,
und Schwarz besitzt eine wenn auch etwas passive, so doch solide Stellung.} (
16. g3 Nxe2+ 17. Qxe2 c5 18. Bc3 f6 19. Rad1 $14 fxe5 20. Bxe5 Rb6 21. Rd2 Bf6
22. Bxf6 Rxf6 23. Rfd1 Rf7 24. Rd3 {1-0 Tseshkovsky,V-Tregubov,P/Krasnodar
2000/EXT 2001 (68)}) 16... Qc7 17. Re1 Ng6 (17... f6 $6 18. exf6 Bxf6 $2 19.
Bc5 $16) 18. c5 {[%csl Gc5,Ge5] Der Textzug legt die schwarzen Zentrumsbauern
fest.} f6 {Schwarz muss das stolze weiße Bauernzentrum sprengen.} 19. exf6 Bxf6
(19... gxf6 $6 20. Qc2 $16) 20. Be4 Nf4 {[%csl Yd5][%cal Gf4d5]} (20... Bxd4
21. Qxd4 $14) 21. Bxf6 Rxf6 22. Qc2 {[%cal Gb8b2,Gf6f2] Weiß besitzt spürbar
die Initiative. Die schwarze Bauernstruktur ist geschwächt, aber seine Türme
stehen gut auf den halboffenen Linien.} h6 (22... Rh6 {[%cal Gc7h2,Gh6h2]} 23.
g3 Nd5 $14 (23... Nh3+ $6 24. Kg2 Rf8 25. f4 g5 26. f5 Nf4+ $2 27. gxf4 Qxf4
28. h3 exf5 29. Bd3 $18)) 23. Rad1 Nd5 {[%csl Gd5]} 24. g3 {Die weißen Figuren
sind besser koordiniert, aber Weiß gelingt es nicht, konkrete Drohungen
aufzustellen.} a5 {Das ist ein für diese Variante typischer Zug. Der Pa6 war
immer ein potentieller Schwachpunkt.} 25. a3 Rff8 (25... Rbf8 26. Re2 $14) 26.
Re2 Qd8 27. Rd4 $5 {[%cal Gd4a4,Gd4h4][%mdl 32] Weiß möchte den Turm auf der
vierten Reihe mobilisieren. In einigen Varianten kann der Pa5 schwach werden.}
Rb7 {Ein guter prophylaktischer Zug. Später kann Schwarz entweder die Türme
auf der b-Linie verdoppeln oder - wie in unserer Partie - Ra8 spielen.} 28.
Bh7+ Kh8 29. Bd3 Qf6 30. Ra4 Ra8 (30... Rfb8 $2 31. Rxa5 Rxb2 32. Qxb2 $18) 31.
Qd2 {[%csl Ra5]} Qd8 32. Bb1 $6 {Es ist verständlich, dass Weiß Qd3 ziehen
möchte, aber der Textzug lässt Schwarz zu Rb5 kommen.} (32. Kg2 $14) 32... Rb5
33. Rh4 Qe7 $2 {Ein auf den ersten Blick natürlicher scheinender Zug. Schwarz
übersieht aber das folgende taktische Motiv.} (33... Qf8 34. Qd3 Nf6 35. b4
axb4 36. axb4 $11) {[#]} 34. Rxh6+ $1 $16 {[%mdl 64]} Kg8 (34... gxh6 35. Qxh6+
Kg8 36. Re5 $18) 35. Rh4 $2 {Wieder ein natürlich wirkender Zug. Sein Nachteil
ist aber, dass Weiß anschließend nicht (so einfach) Bg6 spielen kann.} (35.
Bh7+ $1 Kf7 36. Bg6+ $16) 35... Rab8 {[%csl Rb2][%cal Rb8b1]} 36. Bh7+ Kf7 37.
Qd3 Qg5 $1 {[%csl Gg5] Die Dame steht ausgezeichnet auf g5 - Weiß kann weder
Bg6+ noch Rg4 spielen, und die schwarze Dame kann später über c1 aktiv ins
Spiel eingreifen.} 38. Qd4 {[#]} Rxb2 $1 {[%cal Gg5c1] Damit gewinnt Schwarz
das Material zurück.} 39. Bg6+ (39. Rxb2 Qc1+ 40. Kg2 Rxb2 41. Bg6+ Kxg6 42.
Rg4+ Kh5) 39... Kg8 (39... Qxg6 $2 40. Rxb2) (39... Kxg6 $2 40. Rg4 Rxe2 41.
Rxg5+ Kxg5 42. Qxg7+ Kf5 43. Qh7+ Kf6 44. Qh4+ $18 {Und Weiß gewinnt den Turm
- mit 45.Qh5+ oder 45.Qg4+.}) 40. Bh7+ (40. Rxb2 Qc1+ 41. Kg2 Qxb2) 40... Kf7
41. Bg6+ (41. Rg4 Qc1+ 42. Kg2 Nf6) 41... Kg8 42. Bh7+ 1/2-1/2